Atlas de la biología humana

Guardado en:
Formato: Libro
Publicado: Buenos Aires : Puerto de Palos, 2005
Materias:
Etiquetas: Agregar Etiqueta
Sin Etiquetas, Sea el primero en etiquetar este registro!
LEADER 00661nam a22002055a 4500
001 CEM.cems017119
005 20110704103116.0
008 130507s2005##################000#0#####d
003 CEMS
020 |a 9875471852 
082 0 4 |a 611 
245 0 0 |a Atlas de la biología humana 
260 |a Buenos Aires :  |b Puerto de Palos,  |c 2005 
300 |a 32 p. 
505 0 |a Cuerpo humano -- Estructura general -- Detalles anatómicos -- Las funciones del cuerpo humano 
653 |a Anatomía humana 
653 |a Anatomía 
653 |a Atlas 
859 |a CEMS  |b BIB. CEMS - Agricultura  |h 611  |i At651  |p A0815.08  |t Ej.1 
859 |a CEMS  |b BIB. CEMS - Agricultura  |h 611  |i At651  |p A1392.11  |t Ej.2